أسس علم النفس الاجتماعي / (رقم التسجيلة. 27703)

تفاصيل مارك
000 -الفاتح
حقل البيانات ثابتة الطول 00660nam a22001937a 4500
003 - محدد رقم الضبط
رقم الضبط OSt
005 - وقت وتاريخ اخر تعامل مع التسجيلة
رقم الضبط 20150408114116.0
008 - عناصر البيانات ثابتة الطول - معلومات عامة
حقل البيانات ثابتة الطول 130206s 2010jo ||||er|||| 00| 0 ara d
040 ## - مصدر الفهرسة
وكالة الفهرسة الأصلية Ma-un
082 ## - رقم تصنيف ديوى العشرى
رقم الطبعة 21
رقم التصنيف 302
رقم المادة ز أ ع
100 ## - المدخل الرئيسى - إسم شخصى
الإسم الشخصى الزعبي، أحمد محمد
9 (RLIN) 17381
245 ## - بيان العنوان
العنوان أسس علم النفس الاجتماعي /
بيان المسئوليه,etc أحمد محمد الزعبي.
250 ## - بيان الطبعة
بيان الطبعة ط. 1.
260 ## - PUBLICATION, DISTRIBUTION, ETC. (IMPRINT)
مكان الناشر او الموزع عمان، الأردن :
اسم الناشر او الموزع دار زهران للنشر والتوزيع،
تاريخ النشر أو التوزيع 2010 - [1430]
300 ## - الوصف المادى
التعداد 273 ص. ؛
أبعاد الوعاء 24 سم.
504 ## - تبصرة ببليوجرافية
تبصرة ببليوجرافية,الخ ببليوجرافية : ص. 261-273.
650 ## - المدخل الاضافى بالموضوع-مصطلح موضوعى
مصطلح موضوعي أو اسم جغرافي كعنصر مدخل علم النفس الاجتماعي
942 ## - عناصر المدخل الإضافي( كوها)
مصدر التصنيف او مخطط الترفيف Dewey Decimal Classification
Koha [default] item type كتاب
المقتنيات
حالة الفقد نموذج السعر الفعال حالة تلف ليس للاعارة رقم الطلب رقم النسخة تاريخ الاكتساب الموقع الحالي الباركود الفرع الرئيسي Date last seen نوع المادة فى نظام كوها مصدر التصنيف او خطة الترفيف Total Checkouts Total Renewals Date last checked out مُعار
  2013-03-10   Not For Loan 302 ز أ ع 1 2013-02-06 المكتبة المركزية بالمجمعة (CL) 00303540 المكتبة المركزية بالمجمعة (CL) 2013-03-10 كتاب Dewey Decimal Classification        
  2013-03-10     302 ز أ ع 2 2013-02-06 المكتبة المركزية بالمجمعة (CL) 00303541 المكتبة المركزية بالمجمعة (CL) 2013-03-10 كتاب Dewey Decimal Classification        
  2013-03-10     302 ز أ ع 3 2013-02-06 المكتبة المركزية بالمجمعة (CL) 00303542 المكتبة المركزية بالمجمعة (CL) 2013-03-10 كتاب Dewey Decimal Classification        
  2013-03-10     302 ز أ ع 2 2013-02-06 المكتبة المركزية بالمجمعة (CL) 00303544 المكتبة المركزية بالمجمعة (CL) 2013-03-10 كتاب Dewey Decimal Classification        
  2013-03-10   Not For Loan 302 ز أ ع 1 2013-02-06 مكتبة كلية التربية بالزلفى - طالبات (EZF) 00303543 مكتبة كلية التربية بالزلفى - طالبات (EZF) 2016-05-31 كتاب Dewey Decimal Classification 4 1 2016-01-28  
  2013-03-10   Not For Loan 302 ز أ ع 1 2013-02-06 مكتبة كلية العلوم و الدراسات الإنسانية برماح - طالبات (SRF) 00303547 مكتبة كلية العلوم و الدراسات الإنسانية برماح - طالبات (SRF) 2017-10-18 كتاب Dewey Decimal Classification 1   2017-10-15  
  2013-03-10     302 ز أ ع 2 2013-02-06 مكتبة كلية العلوم و الدراسات الإنسانية برماح - طالبات (SRF) 00303548 مكتبة كلية العلوم و الدراسات الإنسانية برماح - طالبات (SRF) 2022-04-17 كتاب Dewey Decimal Classification 1   2022-04-13  
  2013-03-10   Not For Loan 302 ز أ ع 1 2013-02-06 مكتبة مجمع الطالبات بالمجمعة (EMF) 00303545 مكتبة مجمع الطالبات بالمجمعة (EMF) 2013-03-10 كتاب Dewey Decimal Classification        
  2013-03-10     302 ز أ ع 2 2013-02-06 مكتبة مجمع الطالبات بالمجمعة (EMF) 00303546 مكتبة مجمع الطالبات بالمجمعة (EMF) 2025-05-21 كتاب Dewey Decimal Classification 1   2025-05-21 2025-06-20